|
|
|
|
| LEADER |
00000nas a2200000 i 4500 |
| 001 |
ssj0065817 |
| 003 |
WaSeSS |
| 005 |
20200512172242.0 |
| 006 |
m d |
| 007 |
cr n |
| 008 |
080919c20089999bl qr p s 0 a0por c |
| 010 |
|
|
|a 2009252288
|
| 016 |
7 |
|
|a 2514604-X
|2 DE-600
|
| 022 |
|
|
|a 1983-4683
|l 1983-4675
|
| 035 |
|
|
|a (WaSeSS)ssj0065817
|
| 040 |
|
|
|a HUA
|b eng
|e pn
|c HUA
|d WAU
|d OCLCQ
|d HEBIS
|d OCLCQ
|d OCLCO
|d OCLCQ
|d OCLCF
|d CUS
|d OCLCO
|d IXA
|d OCLCA
|d NTG
|d AU@
|d WaSeSS
|
| 041 |
0 |
|
|a por
|a eng
|
| 042 |
|
|
|a pcc
|
| 043 |
|
|
|a s-bl---
|
| 210 |
1 |
|
|a Acta sci., lang. cult.
|b (Online)
|
| 222 |
|
0 |
|a Acta scientiarum. Language and culture
|b (Online)
|
| 245 |
0 |
0 |
|a Acta scientiarum.
|p Language and culture
|h [electronic resource].
|
| 246 |
3 |
0 |
|a Language and culture
|
| 260 |
|
|
|a Maringá, Paraná, Brasil :
|b Universidade Estadual de Maringá,
|c 2008-
|
| 310 |
|
|
|a Quarterly,
|b 2013-
|
| 321 |
|
|
|a Semiannual,
|b 2008-2012
|
| 362 |
1 |
|
|a Began with V. 30, n. 1 (2008).
|
| 506 |
|
|
|a License restrictions may limit access.
|
| 546 |
|
|
|a In Portuguese and English; abstracts in both languages.
|
| 588 |
|
|
|a Description based on: V. 30, n. 1 (2008); title from HTML header (publisher's Web site, viewed Dec. 3, 2014).
|
| 588 |
|
|
|a Latest issue consulted: V. 36, n. 4 (2014) (viewed Dec. 3, 2014).
|
| 650 |
|
0 |
|a Language and culture
|v Periodicals.
|
| 650 |
|
0 |
|a Language and culture
|z Brazil
|v Periodicals.
|
| 650 |
|
7 |
|a Language and culture.
|2 fast
|0 (OCoLC)fst00992135
|
| 651 |
|
7 |
|a Brazil.
|2 fast
|0 (OCoLC)fst01206830
|
| 655 |
|
0 |
|a Electronic journals.
|
| 710 |
2 |
|
|a Universidade Estadual de Maringá.
|
| 856 |
4 |
0 |
|z Full text available from Research Library: 01/01/2015 to present
|u https://search.proquest.com/publication/2037653
|